000
00371nam a22001577a 4500
003
MPLRDC
005
20220104123651.0
008
210129b ||||| |||| 00| 0 eng d
082
_a
413.8 QXT c.2
100
_a
秦孝天编
245
_a
急性疾病治疗
_c
260
_a
_b
世界出版社
_c
300
_b
平
650
_a
中医杂病
942
_c
BK
_o
413.8 QXT c.2
999
_c
13229
_d
13219